| 000 | 00439nam a2200157 4500 | ||
|---|---|---|---|
| 001 | 121793 | ||
| 003 | ES-MaACL | ||
| 007 | t| | ||
| 008 | 070214s1958 sp r ||||1| spa d | ||
| 100 | 1 |
_aPorto, Tomás. _993286 |
|
| 245 | 1 | 0 |
_aMuebles y adornos en hierro forjado / _cpor Tomás Porto. |
| 250 | _a1ª. ed. | ||
| 260 |
_aBarcelona : _bJuan Bruguer, _c1958. |
||
| 300 |
_a2 h., 55 lám. ; _c35 cm. |
||
| 852 |
_aES-MaACL _jB-2934 _bR.42643 |
||
| 999 |
_c121793 _d121793 |
||